| 000 | 00854cab a22001815a 4500 | ||
|---|---|---|---|
| 001 | L138391 | ||
| 008 | 070604e20070523xxk f 000 0 eng d | ||
| 035 | _a(Sirsi) u138391 | ||
| 041 | 0 | _aeng | |
| 100 | 1 | _aAtkinson, James | |
| 245 | 0 | 0 | _aBovis takes top spot for second running month |
| 260 | _c2007 | ||
| 490 | 0 |
_aContract Journal _v438(6626) 23 May 2007, 10-11(2) |
|
| 520 | _aBovis Lend Lease topped the new work winners monthly league table for April 2007, with Balfour Beatty in second place and Laing O'Rourke in third. Balfour Beatty remained at the top of the new work winners table for the past 12 months. For the third month in a row, new construction orders in April passed the £2.8bn mark, driven mainly by private commercial work. | ||
| 651 | 4 |
_aGreat Britain _y1707- |
|
| 690 | _aBUILT ENVIRONMENT-CONSTRUCTION MARKET | ||
| 942 | _n0 | ||
| 999 |
_c78849 _d78849 |
||